Villes de Sicile ( + 50k ) avec une carte - Statistiques

Statistiques générales
  • Ce quiz a été pris 290 fois
  • Le résultat moyen est 5 sur 11
Réponses sur la Carte
Les réponses sont colorées sur une échelle allant du rouge au vert en fonction du pourcentage des utilisateurs qui les ont devinées à leur premier essai. Vous pouvez retrouver ces pourcentages ci-dessous.
 
Statistiques - réponses
Population Ville % Correct
648,260 Palerme
100%
290,927 Catane
88%
219,948 Messine
76%
97,472 Syracuse
75%
58,681 Trapani
46%
61,380 Raguse
36%
77,915 Marsala
32%
56,715 Caltanissetta
30%
73,854 Gela
23%
52,952 Bagheria
17%
50,852 Vittoria
15%
Aucun quiz correspondant
Distribution des résultats
% des personnes avec chaque résultat
Percentile par nombre de réponses
Votre historique - résultats
Vous n’avez pas pris ce quiz